Digits of Pi (Easy Version) - Statistics

General Stats
  • This quiz has been taken 196 times
  • The average score is 44 of 50
Answer Stats
Answer % Correct
1
100%
1
100%
1
100%
1
100%
1
100%
3.
100%
3
100%
3
100%
3
100%
3
100%
3
100%
3
100%
3
100%
3
100%
4
99%
4
99%
4
99%
4
99%
5
89%
5
89%
5
89%
5
89%
5
89%
2
86%
2
86%
2
86%
2
86%
2
86%
6
85%
6
85%
6
85%
6
85%
9
83%
9
83%
9
83%
9
83%
9
83%
9
83%
9
83%
9
83%
7
80%
7
80%
7
80%
7
80%
8
77%
8
77%
8
77%
8
77%
8
77%
0
68%
No matching quizzes found
Score Distribution
Percent of People with Each Score
Percentile by Number Answered
Your Score History
You have not taken this quiz